000 01490nam2a22002531 4500
001 RU\NLR\INFOCOMM16\1000044388
005 20250617044123.0
035 _a(NLR Aleph) 002456120
090 _a2208967
_c2208967
100 _a20040317d1980 |||y0rusy50 ca
101 0 _arus
102 _aRU
105 _ay |||||||||
200 1 _aБригадная форма организации труда рабочих в строительстве и ремонтно-строительном производстве и совмещение профессий
_fЮ.А. Дрякин
210 _d1980
_aБ. м.
461 0 _1001RU\NLR\INFOCOMM16\1000044336
_12001#$aОбзорная информация$iСерия "Жилищное хозяйство"$fАкад. коммун. хоз-ва им. К.Д. Памфилова. Ин-т экономики жил.-коммун. хоз-ва$v1980, Вып.1(52)
_92208653
_aИнститут экономики жилищно-коммунального хозяйства (Москва)
_cМ.
_d1963-
_fАкад. коммун. хоз-ва им. К.Д. Памфилова. Ин-т экономики жил.-коммун. хоз-ва
_iСерия "Жилищное хозяйство"
_tОбзорная информация
_x0235-7887
_v1980, Вып.1(52)
700 1 _aДрякин
_bЮ.А.
_4070
801 1 _aRU
_bInfoComm
_c20040317
801 0 _aRU
_bNLR
_gPSBO
852 _aNLR
_jП10/2605
942 _cISSUE
980 _aNB
980 _aRUSPER